| 000 | 00543nam a2200193Ia 4500 | ||
|---|---|---|---|
| 003 | GCL | ||
| 008 | 140319s9999 xx 000 0 eng d | ||
| 040 |
_aGCL / _cGCL |
||
| 082 | 0 | 4 |
_aCC _b910.202 _bE R |
| 100 | 1 | _aEMERSON, JUNE | |
| 245 | 1 | 0 |
_aREFLECTIONS IN THE NILE AN UNPACKAGED TOUR FROM CAIRO TO ASWAN / _cEMERSON, JUNE |
| 260 |
_a[S.N] : _bKAF BREWIN BOOKS ، _c1987 |
||
| 300 | _a100 P | ||
| 650 | 0 | 4 | _aCAIRO, EGYPT |
| 650 | 0 | 4 | _aCAIRO, SOCIAL LIFE AND CUSTOMS |
| 650 | 0 | 4 | _aASWAN, EGYPT |
| 650 | 0 | 4 | _aNILE RIVER |
| 942 |
_2ddc _cBK |
||
| 999 |
_c20435 _d20435 |
||